| 000 | 01097nam a22003137a 4500 | ||
|---|---|---|---|
| 003 | OSt | ||
| 005 | 20260512105033.0 | ||
| 008 | 260512b |||||||| |||| 00| 0 aze d | ||
| 020 | _a9789952440375 | ||
| 040 |
_aAZ-XaKU _baze _cAZ-XaKU |
||
| 050 | 1 | 4 | _aMT5 .A9 .B14 .SCH656 2021 |
| 100 | 1 | _emüəllif | |
| 245 | 1 | 0 | _aOrta ixtisas musiq məktəb-studiyası - 40 |
| 264 |
_aBakı: _bSkyE, _c2021 |
||
| 300 |
_a328 səhifə ; _c28 sm. |
||
| 336 |
_atext _btxt _2rdacontent |
||
| 337 |
_aunmediated _bn _2rdamedia |
||
| 338 |
_avolume _bnc _2rdacarrier |
||
| 505 | 0 | _aFotoqalereya -- Musiqi incəsənəti xadimləri məktəb-studiya haqqında -- Ortaq ixtisas musiq məktəb-studiyası mətbuat səhifələrindı -- Əlavələr | |
| 521 | _aÜmumi oxucu kütləsi | ||
| 600 | _2AZ-XaKU | ||
| 650 | 7 |
_2AZ-XaKU _aMusiqişünaslıq |
|
| 700 | 1 |
_aBədəlbəyli, Fərhad, _eredaktor. |
|
| 700 | 1 |
_aİbrahimova, Aytən, _etərtibçi-redaktor. |
|
| 700 | 1 |
_aMəmmədova, Sevda, _etərtibçi-redaktor. |
|
| 700 | 1 |
_aSeyidov, Tərlan, _eredaktor. |
|
| 942 | _cBOOK | ||
| 999 |
_c421 _d421 |
||